00518pab a2200157 454500008004000000100001700040245008900057260000900146300001100155362000900166650002800175773002600203909001000229999001700239952010400256180718b1987 xxu||||| |||| 00| 0 eng d aAustin, R.C. aThe wright affairs - the wrong responsebConstitutional aspects of the wright affair c1987 a319-24 aJuly aOfficial Secrets - U.K. aParliamentary Affairs a14362 c14362d14362 00104070aIIPAbIIPAd2018-07-19hVolume no: 40, Issue no: 3pAR14405r2018-07-19w2018-07-19yAR